Periodic Table: Click on Symbols - Statistics

General Stats
  • This quiz has been taken 305 times
  • The average score is 53 of 118
Answer Stats
Hint Answer % Correct
Zinc ZN
65%
Chlorine CL
63%
Aluminium AL
62%
Sodium NA
61%
Hydrogen H
59%
Gold AU
58%
Boron B
58%
Bromine BR
58%
Helium HE
58%
Hafnium HF
58%
Iodine I
58%
Lithium LI
58%
Nitrogen N
58%
Yttrium Y
58%
Beryllium BE
57%
Francium FR
57%
Potassium K
57%
Oxygen O
57%
Bismuth BI
56%
Europium EU
56%
Osmium OS
56%
Phosphorus P
56%
Silicon SI
56%
Carbon C
54%
Cobalt CO
54%
Erbium ER
54%
Gallium GA
54%
Bohrium BH
53%
Neon NE
53%
Titanium TI
53%
Uranium U
53%
Dubnium DB
52%
Iron FE
52%
Magnesium MG
52%
Nickel NI
52%
Xenon XE
52%
Zirconium ZR
52%
Actinium AC
51%
Silver AG
51%
Dysprosium DY
51%
Hassium HS
51%
Krypton KR
51%
Argon AR
49%
Barium BA
49%
Berkelium BK
49%
Calcium CA
49%
Sulfur S
49%
Copper CU
48%
Fluorine F
48%
Indium IN
48%
Oganesson OG
48%
Polonium PO
48%
Vanadium V
48%
Selenium SE
47%
Ytterbium YB
47%
Arsenic AS
46%
Chromium CR
46%
Einsteinium ES
46%
Germanium GE
46%
Iridium IR
46%
Lanthanum LA
46%
Livermorium LV
46%
Lead PB
46%
Scandium SC
46%
Holmium HO
44%
Molybdenum MO
44%
Americium AM
43%
Cerium CE
43%
Darmstadtium DS
43%
Gadolinium GD
43%
Lutetium LU
43%
Mendelevium MD
43%
Manganese MN
43%
Nihonium NH
43%
Rutherfordium RF
43%
Cadmium CD
42%
Platinum PT
42%
Rubidium RB
42%
Samarium SM
41%
Strontium SR
41%
Tantalum TA
41%
Thorium TH
41%
Tungsten W
41%
Neodymium ND
39%
Neptunium NP
39%
Mercury HG
38%
Meitnerium MT
38%
Radium RA
38%
Rhodium RH
38%
Californium CF
37%
Flerovium FL
37%
Fermium FM
37%
Lawrencium LR
37%
Technetium TC
37%
Cesium CS
35%
Radon RN
35%
Ruthenium RU
35%
Moscovium MC
34%
Tellurium TE
33%
Niobium NB
32%
Roentgenium RG
32%
Terbium TB
32%
Tennessine TS
32%
Nobelium NO
30%
Plutonium PU
30%
Seaborgium SG
30%
Astatine AT
29%
Copernicium CN
29%
Praseodymium PR
29%
Tin SN
29%
Rhenium RE
28%
Palladium PD
22%
Curium CM
20%
Antimony SB
19%
Thulium TM
19%
Thallium TL
18%
Promethium PM
16%
Protactinium PA
14%
No matching quizzes found
Score Distribution
Percent of People with Each Score
Percentile by Number Answered
Your Score History
You have not taken this quiz